书目信息 |
| 题名: |
梁凤仪传
|
|
| 作者: | 覃贤茂 著 | |
| 分册: | ||
| 出版信息: | 成都 四川人民出版社 1997.08 |
|
| 页数: | 368页 | |
| 开本: | 32开 | |
| 丛书名: | ||
| 单 册: | ||
| 中图分类: | K825.6 | |
| 科图分类: | ||
| 主题词: | 人物--传记--中国 | |
| 电子资源: | ||
| ISBN: | 7-220-03687-6 | |
| 000 | 00538nam0 2200193 45 | |
| 001 | 0008100996 | |
| 005 | 20000810095203.3 | |
| 010 | @a7-220-03687-6@d20.00元 | |
| 100 | @a20000810d1997 km y0chiy0120 ea | |
| 101 | 0 | @achi |
| 105 | @a z 000yy | |
| 200 | 1 | @a梁凤仪传@ALiang Feng Yi Chuan@f覃贤茂著@FTan Xian Mao Zhu |
| 210 | @a成都@c四川人民出版社@d1997.08 | |
| 215 | @a368页@d32开 | |
| 606 | 0 | @a人物@x传记@x中国 |
| 690 | @aK825.6@v3 | |
| 701 | 0 | @a覃贤茂@4著 |
| 801 | @aCN@bPftUser@c20000810 | |
| 905 | @b101680-684@dK825.6@eT516/1@f5 | |
| 梁凤仪传/覃贤茂著.-成都:四川人民出版社,1997.08 |
| 368页;32开 |
| ISBN 7-220-03687-6:20.00元 |
| ● |
| 相关链接 |
|
|
|
正题名:梁凤仪传
索取号:K825.6/T516/1
 
预约/预借
| 序号 | 登录号 | 条形码 | 馆藏地/架位号 | 状态 | 备注 |
| 1 | 101680 | 201016809 | 社科库309/309社科库 52排4列4层/ [索取号:K825.6/T516/1] | 在馆 | |
| 2 | 101681 | 201016818 | 自科二线404/309社科库 52排5列4层/ [索取号:K825.6/T516/1] | 在馆 | |
| 3 | 101682 | 201016827 | 自科二线404/309社科库 52排5列4层/ [索取号:K825.6/T516/1] | 在馆 | |
| 4 | 101683 | 201016836 | 社科库309/309社科库 52排4列4层/ [索取号:K825.6/T516/1] | 在馆 | |
| 5 | 101684 | 201016845 | 自科二线404/309社科库 52排5列4层/ [索取号:K825.6/T516/1] | 在馆 |